00734nam a2200229Ia 4500003000400000005001700004008004100021020002200062040000700084041000800091082002300099100002200122245004100144260003700185300001400222365001300236650003000249906004400279942001200323999001900335952015000354OSt20230411153517.0210423s2015 xx 000 0 und d a978-81-260-1872-7 cAL aeng a820.954 223bNAIH aNAIK (M K)986317 aHistory of Indian English literature aNew DelhibSahitya Akademic2015 ax,334bPB b150cINR aEnglish Literature986318 aEnglish ; History ; Indian ; literature 2ddccBK c169674d169674 001040708MAENGaSACPGbSACPGd2018-12-20eNavakarnatakag150.00l1m1o820.954 NAIHpPG016176r2022-08-24 00:00:00s2022-03-22w2021-04-26yBK